|
|
|
|
| LEADER |
00744cam a2200205 7i4500 |
| 001 |
0000017705 |
| 005 |
20060619090000.0 |
| 020 |
0 |
0 |
|a 1-59139-619-0
|
| 090 |
0 |
0 |
|a B 658.8
|b KIM
|
| 100 |
1 |
0 |
|a Kim
|
| 245 |
1 |
0 |
|a Blue ocean strategy :
|b how to create uncontested market space and make the competition irrelevant.
|
| 260 |
0 |
0 |
|a Boston:
|b Harvard Business School Publishing,
|c 2005.
|
| 300 |
# |
# |
|a 240 p.
|
| 650 |
0 |
0 |
|a New products
|
| 650 |
0 |
0 |
|a Market segmentation
|
| 700 |
1 |
1 |
|a Mauborgne,
|h Renee
|
| 999 |
|
|
|a B000018630
|b Book
|c Book
|e Business Information Centre
|
| 999 |
|
|
|a B000019071
|b Book
|c Book
|e Business Information Centre
|
| 999 |
|
|
|a B000022021
|b Book
|c Book
|e Business Information Centre
|
| 999 |
|
|
|a B000022022
|b Book
|c Book
|e Business Information Centre
|